000 00452nam a2200169 4500
001 122631
003 ES-MaACL
005 20230906192020.0
007 t|
008 070214s1970 sp r ||||1| spa d
100 1 _aPuig, M.
_994235
245 1 0 _aPresencia de Santa María a Montserrat /
_cM. Puig.
250 _a1ª. ed.
260 _aBarcelona :
_bAbadia,
_c1970.
300 _a139 p., 8 lám. ;
_c18 cm.
852 _aES-MaACL
_jC-50164
_bR.76371
999 _c122631
_d122631